| 000 | 00641nam a2200157 4500 | ||
|---|---|---|---|
| 001 | 126192 | ||
| 003 | ES-MaACL | ||
| 007 | t| | ||
| 008 | 070214s1921 it r ||||1| ita d | ||
| 110 | 2 |
_aItalia. _bCommissione Reale per la Riforma delle Leggi Penali. _95307 |
|
| 245 | 1 | 0 |
_aRelazione sul progetto preliminare di codice penale italiano _b: Libro I = Rapport sur le projet préliminaire de code pénal italien : Libre I / _cCommissione Reale per la Riforma delle Leggi Penali. |
| 260 |
_aRome : _bL'universelle, _c1921. |
||
| 300 |
_a368 p. ; _c24 x 17 cm. |
||
| 500 | _aTexto bilingüe, italiano y francés. | ||
| 852 |
_aES-MaACL _jG-14041 |
||
| 999 |
_c126192 _d126192 |
||